1811 1413 1763 1161 1700 1621 1793 1730 1942 1537 1535 1691 1109 1995 1785 1017 1203 1356 1934 1613 1006 1908 1971 1708 1325 1750 1953 1765 1041 1853 1885 1420 1299 1053 1294 1866 1900 1099 1410 1783 1052 1595 1973 1067 1119 1840 1789 1091 1035 1321 1810 1630 1961 1580 1537 1105 1895 1596 1060 1882 1582 1183 1981 1459 1418 1346 1967 1938 1705 1297 1880 1833 1103 1642 1090 1343 1245 1043 1801 1241 1282 1446 1563 1176 1901 1510 1877 1555 1771 1143 1721 1534 1011 1190 1079 1030 1019 1611 1861 BCNSPRNW ULIB Ver.6.0+V

เปลี่ยนเป็นภาษาไทย

Change to English
 แสดงรายละเอียดบรรณานุกรม
  กลับหน้าหลัก

Brief Record : Get Marc (ISO 2709) : E-mail record : QR code < ปิดหน้าต่าง
LEADER : 00000nam 2200000uu 4500
001    13399128200
003     ULIB
008    220815s2022||||th 000 0 tha d
020    ^a9780323879880
060 04 ^aWY49^bN974
245 00 ^aNursing diagnosis handbook :^ban evidence-based guide toplanning care /^c[edited by] Betty J. Ackley ...[et al]
250    ^a12th ed.
260    ^aSt. Louis, Mo. :^bElsevier,^c2022
300    ^axviii, 977 p. :^bill. ;^c26 cm.
504    ^aIncludes bibliographical references and index
650  0 ^aNursing diagnosis^vHandbooks, manuals, etc.
650  0 ^aNursing care plans^vHandbooks, manuals, etc.
650  2 ^aEvidence-Based Medicine^xmethods
650  2 ^aEvidence-Based Nursing^xmethods^vHandbooks
650  2 ^aNursing Diagnosis
650  2 ^aNursing Diagnosis^vHandbooks
650  2 ^aPatient Care Planning
650  2 ^aPatient Care Planning^vHandbooks
700 1  ^aAckley, Betty J.,^eed.
945    ^p0^l0^i009304
999    ^aประนอม เกษจรัล
รายการนี้ยังไม่มีแท็ก
คุณยังไม่ได้ล็อกอิน คุณสามารถมีกิจกรรมร่วมกับเว็บไซต์ได้ แต่ต้องล็อกอินก่อน ::
  ล็อกอิน

รายการสื่อสารสนเทศ

ลำดับที่ ประเภท เลขเรียก/บาร์โค้ด สถานที่ สถานะ
1. Book การพยาบาล
หนังสือสำรอง
สถานะ=หนังสือสำรอง
WY49 N974 ฉ.1 
  Barcode: 009304
ห้องสมุดวิทยาเขตสวรรค์ประชารักษ์
►หนังสือทั่วไป
บนชั้น

รายการใกล้เคียง
    หัวเรื่อง [Nursing Diagnosis]
    หัวเรื่อง [Patient Care Planning]

BibComment


ยังไม่เคยถูกคอมเมนท์

คอมเมนท์ทรัพยากรรายการนี้
  คอมเมนท์: Nursing diagnosi..


 Copyright 2026. Bcnsprnw @Library